000 00690nam a22001937a 4500
999 _c20501
_d20501
003 AR-CdUCM
008 190530b ||||| |||| 00| 0 spa d
040 _aMUNICIPALIDAD PROVINCIAL DEL CUSCO
_cBIBLIOTECA MUNICIPAL DEL CUSCO
082 _a724 /
_bK93
100 _aKultermann, Udo
_942851
245 _aNueva arquitectura mundial desde 1958 /
260 _aBarcelona :
_bGustavo Gili,
_c1965.
300 _a208páginas ;
_c28 cm.
_bIlustraciones.
505 _aContenido: Construcciones administrativas del estado o del municipio -- Construcciones comunitarias -- Museos...
650 _aARQUITECTURA
_93356
650 _aSIGLO XX
_98276
942 _2ddc
_cLIBROS
945 _aJavier